|
|
|
|
| LEADER |
00000naa a2200000uu 4500 |
| 001 |
vtls010946003 |
| 003 |
SK-MaSNL |
| 005 |
20260302121951.0 |
| 008 |
220810|2004 xo |||||||||||||||||cze| |
| 015 |
|
|
|a SNBRA
|
| 035 |
|
|
|a (urnnbn)urn:nbn:sk:snk:ar-a0bfqc
|
| 035 |
|
|
|a (uuid)db468972-d0fe-4f29-8e9a-335500549a0e
|
| 035 |
|
|
|a urn:nbn:sk:snk-aau7vb
|
| 040 |
|
|
|a SNKBUCL
|b slo
|c SNKBUCL
|e AACR2
|
| 041 |
0 |
|
|a cze
|
| 044 |
|
|
|a xo
|c SK
|
| 100 |
1 |
|
|a Langlois, Bertrand
|4 aut
|9 804851
|
| 245 |
1 |
0 |
|a VYUŽITÍ BLUP ANIMAL MODELU V ODHADU PLEMENNÉ HODNOTY ANGLICKÉHO PLNOKREVNÍKA V ČESKÉ REPUBLICE
|c Bertrand Langlois, Iva Jiskrová, Soňa Svobodová
|
| 246 |
3 |
|
|a APPLICATION OF BLUP ANIMAL MODEL IN ESTIMATION OF BREEDING VALUE OF ENGLISH THOROUGHBRED IN CZECH REPUBLIC
|
| 700 |
1 |
|
|a Jiskrová, Iva
|4 aut
|9 804850
|
| 700 |
1 |
|
|a Svobodová, Soňa
|4 aut
|9 804852
|
| 773 |
0 |
|
|t Biometrické metódy a modely v pôdohospodárskej vede, výskume a výučbe
|d Nitra : Agentúra Slovenskej akadémie poľnohospodárskych vied, 2004
|g S. 241-247
|z 8089162061
|
| 954 |
|
|
|a odborná, vedecká literatúra cudzojazyčná (svetová)
|2 lita
|
| 958 |
|
|
|a OND
|
| 958 |
|
|
|a article11
|
| 958 |
|
|
|a chapter
|
| 999 |
|
|
|c 1275973
|d 1277903
|